Podnikanie v novej ekonomike
Na prelome tisícročí - nástup novej ekonomiky. Globalizácia a jej prejavy. Nástup informačných a komunikačných technológií, ktoré sa stávajú nástrojom a stimulom pre ekonomický a sociálny rozvoj. Charakterizácia novej ekonomiky. Internet a info-komunikačné technológie dovoľujú podnikom zjednodušiť p...
Salvato in:
| Autore principale: | |
|---|---|
| Natura: | Capitolo di libro |
| Lingua: | slovacco |
| Soggetti: | |
| Tags: |
Nessun Tag, puoi essere il primo ad aggiungerne!!
|
MARC
| LEADER | 00000naa$a2200000$$$4500 | ||
|---|---|---|---|
| 001 | 0038962 | ||
| 005 | 20240502071502.1 | ||
| 041 | 0 | |a slo | |
| 044 | |a SK | ||
| 245 | 1 | 0 | |a Podnikanie v novej ekonomike |c Ladislav Bažó |
| 520 | |a Na prelome tisícročí - nástup novej ekonomiky. Globalizácia a jej prejavy. Nástup informačných a komunikačných technológií, ktoré sa stávajú nástrojom a stimulom pre ekonomický a sociálny rozvoj. Charakterizácia novej ekonomiky. Internet a info-komunikačné technológie dovoľujú podnikom zjednodušiť procesy a tým docieliľ vyššiu efektívnosť, ktorá vyúsťuje do narastajúcej produktivity a tým aj konkurencieschopnosti. | ||
| 610 | 2 | 0 | |a ekonomika nová |
| 610 | 2 | 0 | |a technológie informačné |
| 610 | 2 | 0 | |a technológie komunikačné |
| 610 | 2 | 0 | |a globalizácia |
| 610 | 2 | 0 | |a integrácia |
| 610 | 2 | 0 | |a inovácia |
| 610 | 2 | 0 | |a digitalizácia |
| 610 | 2 | 0 | |a podnikanie |
| 100 | 1 | |a Bažó, Ladislav, 1980- | |